|
|
|
|
| LEADER |
04700nam a22006015i 4500 |
| 001 |
978-3-642-35668-1 |
| 003 |
DE-He213 |
| 005 |
20151103125241.0 |
| 007 |
cr nn 008mamaa |
| 008 |
130107s2013 gw | s |||| 0|eng d |
| 020 |
|
|
|a 9783642356681
|9 978-3-642-35668-1
|
| 024 |
7 |
|
|a 10.1007/978-3-642-35668-1
|2 doi
|
| 040 |
|
|
|d GrThAP
|
| 050 |
|
4 |
|a TK5105.5-5105.9
|
| 072 |
|
7 |
|a UKN
|2 bicssc
|
| 072 |
|
7 |
|a COM075000
|2 bisacsh
|
| 082 |
0 |
4 |
|a 004.6
|2 23
|
| 245 |
1 |
0 |
|a Distributed Computing and Networking
|h [electronic resource] :
|b 14th International Conference, ICDCN 2013, Mumbai, India, January 3-6, 2013. Proceedings /
|c edited by Davide Frey, Michel Raynal, Saswati Sarkar, Rudrapatna K. Shyamasundar, Prasun Sinha.
|
| 264 |
|
1 |
|a Berlin, Heidelberg :
|b Springer Berlin Heidelberg :
|b Imprint: Springer,
|c 2013.
|
| 300 |
|
|
|a XX, 466 p. 121 illus.
|b online resource.
|
| 336 |
|
|
|a text
|b txt
|2 rdacontent
|
| 337 |
|
|
|a computer
|b c
|2 rdamedia
|
| 338 |
|
|
|a online resource
|b cr
|2 rdacarrier
|
| 347 |
|
|
|a text file
|b PDF
|2 rda
|
| 490 |
1 |
|
|a Lecture Notes in Computer Science,
|x 0302-9743 ;
|v 7730
|
| 505 |
0 |
|
|a Distributed algorithms and concurrent data structures -- Integration of heterogeneous wireless and wired networks -- Distributed operating systems -- Internetworking protocols and internet applications -- Distributed database systems -- Mobile and pervasive computing, context-aware distributed systems -- Embedded distributed systems -- Next generation and converged network architectures -- Experiments and performance evaluation of distributed systems -- Overlay and peer-to-peer networks and services -- Fault-tolerance, reliability, and availability -- Home networking and services -- Multiprocessor and multi-core architectures and algorithms -- Resource management and quality of service -- Self-organization, self-stabilization, and autonomic computing -- Network security and privacy -- High performance computing, grid computing, and cloud computing -- Energy-efficient networking and smart grids -- Security, cryptography, and game theory in distributed systems -- Sensor, PAN and ad-hoc networks -- Traffic engineering, pricing, network management.
|
| 520 |
|
|
|a This book constitutes the refereed proceedings of the 14th International Conference on Distributed Computing and Networking, ICDCN 2013, held in Mumbai, India, during January 3-6, 2013. The 27 revised full papers, 5 short papers presented together with 7 poster papers were carefully reviewed and selected from 149 submissions. The papers cover topics such as distributed algorithms and concurrent data structures; integration of heterogeneous wireless and wired networks; distributed operating systems; internetworking protocols and internet applications; distributed database systems; mobile and pervasive computing, context-aware distributed systems; embedded distributed systems; next generation and converged network architectures; experiments and performance evaluation of distributed systems; overlay and peer-to-peer networks and services; fault-tolerance, reliability, and availability; home networking and services; multiprocessor and multi-core architectures and algorithms; resource management and quality of service; self-organization, self-stabilization, and autonomic computing; network security and privacy; high performance computing, grid computing, and cloud computing; energy-efficient networking and smart grids; security, cryptography, and game theory in distributed systems; sensor, PAN and ad-hoc networks; and traffic engineering, pricing, network management.
|
| 650 |
|
0 |
|a Computer science.
|
| 650 |
|
0 |
|a Computer communication systems.
|
| 650 |
|
0 |
|a Computer programming.
|
| 650 |
|
0 |
|a Software engineering.
|
| 650 |
|
0 |
|a Computer security.
|
| 650 |
|
0 |
|a Algorithms.
|
| 650 |
1 |
4 |
|a Computer Science.
|
| 650 |
2 |
4 |
|a Computer Communication Networks.
|
| 650 |
2 |
4 |
|a Programming Techniques.
|
| 650 |
2 |
4 |
|a Software Engineering.
|
| 650 |
2 |
4 |
|a Systems and Data Security.
|
| 650 |
2 |
4 |
|a Algorithm Analysis and Problem Complexity.
|
| 650 |
2 |
4 |
|a Information Systems Applications (incl. Internet).
|
| 700 |
1 |
|
|a Frey, Davide.
|e editor.
|
| 700 |
1 |
|
|a Raynal, Michel.
|e editor.
|
| 700 |
1 |
|
|a Sarkar, Saswati.
|e editor.
|
| 700 |
1 |
|
|a Shyamasundar, Rudrapatna K.
|e editor.
|
| 700 |
1 |
|
|a Sinha, Prasun.
|e editor.
|
| 710 |
2 |
|
|a SpringerLink (Online service)
|
| 773 |
0 |
|
|t Springer eBooks
|
| 776 |
0 |
8 |
|i Printed edition:
|z 9783642356674
|
| 830 |
|
0 |
|a Lecture Notes in Computer Science,
|x 0302-9743 ;
|v 7730
|
| 856 |
4 |
0 |
|u http://dx.doi.org/10.1007/978-3-642-35668-1
|z Full Text via HEAL-Link
|
| 912 |
|
|
|a ZDB-2-SCS
|
| 912 |
|
|
|a ZDB-2-LNC
|
| 950 |
|
|
|a Computer Science (Springer-11645)
|